| 000 | 00696nam a2200193Ia 4500 | ||
|---|---|---|---|
| 003 | GCL | ||
| 008 | 140319s9999 xx 000 0 ara d | ||
| 040 |
_aGCL / _cGCL |
||
| 082 | 0 | 4 |
_a812.009 _bس ح |
| 100 | 1 | _aسامح مهران | |
| 245 | 1 | 0 |
_aالحداثة والتراث فى المسرح العربى / _cسامح مهران |
| 260 |
_aالقاهرة : _bالمركز القومى للمسرح والموسيقى ، _c2005 |
||
| 300 |
_a141 ص ؛ _c25 سم |
||
| 490 |
_aدراسات فى المسرح المعاصر _v2 |
||
| 650 | 0 | 4 | _aالمسرح العربى |
| 650 | 0 | 4 | _aالمسرح العربى - تاريخ ونقد |
| 650 | 0 | 4 | _aالتراث المسرحى |
| 942 |
_2ddc _cBK |
||
| 999 |
_c7649 _d7649 |
||